00753nac a22002171u 4500020001500000082001500015090001500030100003400045245011500079250001300194260003900207300003000246500004100276650001300317650002100330700002300351700002200374942001700396999001500413952010700428 a0718604571 a617bB1511 c3631d3631 aBailey, Hamilton  aBailey & Love’s short practice of surgery (vol. II) \crevised by A.J. Harding Rain and H. David Ritchie.n2 a18th ed. aLondon :bH.K. Lewis, 1981.cc1981 a688-1370 p.bill:c24 cm. aDonations - Bibliotheca Alexandrina. aSurgery. aMedicine Surgery aRain ,A.J. Harding aH. David, Ritchie cBBk617B1511 c3631d3631 00102ddc4070aMAINbMAINc1STd2007-05-02ePurchasel0o617 BAIp000030333r2025-07-15 00:00:00yBB